[Event "Dov Porath Memorial"]
[Site "Ramat Gan"]
[Date "2018.09.08"]
[Round "1"]
[White "Tratatovici, Dan"]
[Black "Mikhalevski, Victor"]
[Result "0-1"]
[WhiteElo "2190"]
[BlackElo "2565"]
[PlyCount "100"]
[EventDate "2018.09.08"]
[EventType "swiss (rapid)"]
[EventRounds "9"]
[EventCountry "ISR"]
[SourceTitle "CBM 186 Extra"]
[Source "ChessBase"]
[SourceDate "2018.08.24"]
[SourceVersion "1"]
[SourceVersionDate "2018.08.24"]
[SourceQuality "1"]

1. d4 Nf6 2. c4 g6 3. Nf3 Bg7 4. g3 c5 5. d5 b5 6. cxb5 a6 7. bxa6 0-0 8. Nc3 d6 9. Bg2 Qa5 10. 0-0 Nbd7 11. Qc2 Bxa6 12. Bd2 Rfb8 13. Rfe1 Ne8 14. e4 Nc7 15. Bh3 Ne5 16. Nxe5 Bxe5 17. Bd7 Qb6 18. Na4 Qa7 19. Bc3 Bb5 20. Bxb5 Nxb5 21. Bxe5 Qxa4 22. Qxa4 Rxa4 23. b3 Rb4 24. Bb2 c4 25. Re3 f6 26. Kg2 Kf7 27. Rc1 cxb3 28. Rxb3 Rxb3 29. axb3 Rb7 30. h4 Nc7 31. Rc3 Na6 32. Ba3 Nc7 33. Bc1 Na6 34. Ba3 Rb5 35. Kf3 f5 36. Ke3 fxe4 37. Kxe4 Ra5 38. b4 Ra4 39. Ke3 Nxb4 40. Bxb4 Rxb4 41. f4 h5 42. Kf3 Rd4 43. g4 hxg4+ 44. Kxg4 Rxd5 45. Rc7 Rc5 46. Ra7 Rc4 47. Ra5 e5 48. Kg5 Rxf4 49. Ra7+ Ke6 50. Kxg6 Rxh4 0-1

[Event "ISR-chT"]
[Site "Israel"]
[Date "2018.02.23"]
[Round "9.2"]
[White "Sivuk, Vitaly"]
[Black "Tratatovici, Dan"]
[Result "1-0"]
[WhiteElo "2550"]
[BlackElo "2208"]
[PlyCount "75"]
[EventDate "2018.01.05"]
[EventType "team-tourn"]
[EventRounds "11"]
[EventCountry "ISR"]
[SourceTitle "EXT 2019"]
[Source "ChessBase"]
[SourceDate "2018.10.10"]
[SourceVersion "1"]
[SourceVersionDate "2018.10.10"]
[SourceQuality "1"]
[WhiteTeam "Petah Tikva Hapoel"]
[BlackTeam "Kiryat Ono"]
[WhiteTeamCountry "ISR"]
[BlackTeamCountry "ISR"]

1. Nf3 Nf6 2. g3 g6 3. Bg2 Bg7 4. 0-0 0-0 5. d4 d5 6. c4 dxc4 7. Na3 c3 8. bxc3 c5 9. Re1 Nc6 10. e4 Bg4 11. Bb2 b5 12. Rb1 Qa5 13. Qb3 Rab8 14. h3 Bxf3 15. Bxf3 c4 16. Qd1 e5 17. d5 Rfd8 18. Nc2 Bf8 19. Bc1 Rd7 20. Bg5 Be7 21. Qc1 Nd8 22. Nb4 Bxb4 23. Rxb4 Qb6 24. a4 a6 25. axb5 axb5 26. Qb2 Rdb7 27. Ra1 Nd7 28. Be3 Qc7 29. h4 h5 30. Be2 Kg7 31. Kg2 Nb6 32. Qd2 Nd7 33. g4 hxg4 34. Bxg4 Nc5 35. Bxc5 Qxc5 36. h5 Rb6 37. Qg5 Rf6 38. h6+ 1-0

[Event "ISR-chT"]
[Site "Israel"]
[Date "2018.01.19"]
[Round "3.1"]
[White "Tratatovici, Dan"]
[Black "Postny, Evgeny"]
[Result "0-1"]
[WhiteElo "2208"]
[BlackElo "2574"]
[PlyCount "44"]
[EventDate "2018.01.05"]
[EventType "team-tourn"]
[EventRounds "11"]
[EventCountry "ISR"]
[SourceTitle "CBM 182 Extra"]
[Source "ChessBase"]
[SourceDate "2018.02.23"]
[SourceVersion "1"]
[SourceVersionDate "2018.02.23"]
[SourceQuality "1"]
[WhiteTeam "Kiryat Ono"]
[BlackTeam "Beer Sheva"]
[WhiteTeamCountry "ISR"]
[BlackTeamCountry "ISR"]

1. d4 d5 2. c4 dxc4 3. e3 Nf6 4. Bxc4 e6 5. Nf3 a6 6. Bb3 b5 7. a4 b4 8. a5 Be7 9. 0-0 0-0 10. Qe2 Bb7 11. Rd1 c5 12. Nbd2 Qc7 13. e4 cxd4 14. e5 Nfd7 15. Ne4 Bxe4 16. Qxe4 Nc5 17. Qc2 d3 18. Qc4 Nc6 19. Bg5 Rfc8 20. Ba4 Nxa4 21. Rxa4 Bxg5 22. Nxg5 Qxe5 0-1

[Event "ISR-ch qual GpA"]
[Site "Kiryat Ono"]
[Date "2015.10.23"]
[Round "2"]
[White "Tratatovici, Dan"]
[Black "Kravchenko, Yana"]
[Result "1/2-1/2"]
[WhiteElo "2206"]
[BlackElo "1994"]
[PlyCount "75"]
[EventDate "2015.10.16"]
[EventType "tourn"]
[EventRounds "10"]
[EventCountry "ISR"]
[SourceTitle "CBM 170 Extra"]
[Source "ChessBase"]
[SourceDate "2016.02.25"]
[SourceVersion "1"]
[SourceVersionDate "2016.02.25"]
[SourceQuality "1"]

1. e4 c5 2. Nf3 e6 3. d4 cxd4 4. Nxd4 Nf6 5. Nc3 d6 6. Be2 Be7 7. f4 0-0 8. g4 Nc6 9. g5 Ne8 10. h4 Nxd4 11. Qxd4 e5 12. Qf2 f5 13. Bc4+ Kh8 14. Be3 fxe4 15. Qg3 d5 16. Bxd5 Nd6 17. 0-0-0 Nf5 18. Qf2 Nxe3 19. Qxe3 exf4 20. Qxe4 Qc7 21. Bb3 Bf5 22. Qf3 Rac8 23. Rd4 Bc5 24. Nd5 Qe5 25. Rxf4 Bxc2 26. Bxc2 Rxf4 27. Nxf4 Qe3+ 28. Qxe3 Bxe3+ 29. Kb1 Bxf4 30. Rf1 Rf8 31. h5 g6 32. Rh1 Bxg5 33. hxg6 h6 34. Rd1 Re8 35. Rf1 Re7 36. Bb3 Kg7 37. Bf7 Rc7 38. a3 1/2-1/2

[Event "ISR-chT 13"]
[Site "Israel"]
[Date "2013.01.11"]
[Round "5.5"]
[White "Shvayger, Yuliya"]
[Black "Tratatovici, Dan"]
[Result "0-1"]
[WhiteElo "2232"]
[BlackElo "2155"]
[PlyCount "80"]
[EventDate "2012.12.21"]
[EventType "team"]
[EventRounds "11"]
[EventCountry "ISR"]
[SourceTitle "EXT 2014"]
[Source "ChessBase"]
[SourceDate "2013.11.20"]
[SourceVersion "1"]
[SourceVersionDate "2013.11.20"]
[SourceQuality "1"]

1. e4 c5 2. Nf3 d6 3. d4 cxd4 4. Nxd4 Nf6 5. Nc3 a6 6. f4 Qc7 7. Bd3 Nbd7 8. Nf3 b5 9. Qe2 b4 10. Nd1 g6 11. Bd2 a5 12. e5 Nd5 13. c4 N5b6 14. a3 b3 15. exd6 Qxd6 16. Bc3 f6 17. Nf2 Nc5 18. Be4 Ra7 19. Rd1 Qe6 20. Nd4 Qxc4 21. Qf3 Bd7 22. h4 Bg7 23. h5 f5 24. Bc6 Kf7 25. Nh3 Bf6 26. Ng5+ Bxg5 27. fxg5 Rg8 28. hxg6+ hxg6 29. Rh7+ Kf8 30. Bxd7 Rxd7 31. Qf4 e5 32. Qh4 exd4 33. Rxd7 Nbxd7 34. Rxd4 Qe6+ 35. Kd1 Ke7 36. Bxa5 Qe5 37. Bc3 Qe6 38. Bb4 Kf7 39. Bc3 Ne4 40. Rxd7+ Qxd7+ 0-1

[Event "Miercurea Ciuc Banc Post op 14th"]
[Site "Miercurea Ciuc"]
[Date "2011.08.16"]
[Round "9"]
[White "Tratatovici, Dan"]
[Black "Dicu, Razvan Stefan"]
[Result "0-1"]
[WhiteElo "2208"]
[BlackElo "2105"]
[PlyCount "74"]
[EventDate "2011.08.12"]
[EventType "swiss"]
[EventRounds "9"]
[EventCountry "ROU"]
[SourceTitle "CBM 144 Extra"]
[Source "ChessBase"]
[SourceDate "2011.10.28"]
[SourceVersion "1"]
[SourceVersionDate "2011.10.28"]
[SourceQuality "1"]

1. e4 c5 2. Nf3 e6 3. d4 cxd4 4. Nxd4 Nc6 5. Nc3 Qc7 6. Be3 a6 7. Qd2 Nf6 8. 0-0-0 Bb4 9. f3 Ne7 10. Nde2 b5 11. Kb1 Ba5 12. Bf4 e5 13. Bg5 b4 14. Nd5 Nfxd5 15. exd5 b3 16. c3 bxa2+ 17. Ka1 d6 18. Bxe7 Qxe7 19. Ng3 0-0 20. Bd3 f5 21. f4 e4 22. Bc4 Bd7 23. Nf1 Rfc8 24. Ne3 Qf6 25. Rc1 Bb6 26. Bxa2 a5 27. Nc2 a4 28. Rhd1 a3 29. Nd4 Bxd4 30. Qxd4 axb2+ 31. Kxb2 Rcb8+ 32. Ka1 Rxa2+ 33. Kxa2 Qd8 34. Qb4 Rxb4 35. cxb4 Qb6 36. Kb3 Qe3+ 37. Rc3 Ba4+ 0-1

[Event "Miercurea Ciuc Banc Post op 14th"]
[Site "Miercurea Ciuc"]
[Date "2011.08.12"]
[Round "1"]
[White "Mihaly, Zsolt"]
[Black "Tratatovici, Dan"]
[Result "0-1"]
[WhiteElo "1638"]
[BlackElo "2208"]
[PlyCount "88"]
[EventDate "2011.08.12"]
[EventType "swiss"]
[EventRounds "9"]
[EventCountry "ROU"]
[SourceTitle "CBM 144 Extra"]
[Source "ChessBase"]
[SourceDate "2011.10.28"]
[SourceVersion "1"]
[SourceVersionDate "2011.10.28"]
[SourceQuality "1"]

1. e4 c5 2. Nf3 d6 3. d4 cxd4 4. Nxd4 Nf6 5. Nc3 a6 6. Be2 e5 7. Nb3 Be7 8. 0-0 0-0 9. Be3 Be6 10. Kh1 Nbd7 11. f4 exf4 12. Bxf4 Ne5 13. Bxe5 dxe5 14. Qxd8 Rfxd8 15. Na5 Bb4 16. Nc4 Bxc4 17. Bxc4 Rac8 18. Bb3 Bxc3 19. bxc3 Rxc3 20. Rf5 Rc5 21. Raf1 h5 22. h3 h4 23. Rg5 Kf8 24. Rff5 Rd4 25. Rxe5 Rxe5 26. Rxe5 Rxe4 27. Rxe4 Nxe4 28. Bd5 Nc5 29. c4 b6 30. Kg1 Ke7 31. Kf2 g5 32. g3 hxg3+ 33. Kxg3 f5 34. h4 g4 35. Kf4 Kf6 36. h5 Ne6+ 37. Kg3 Nc7 38. Kf4 Ne6+ 39. Kg3 Ng5 40. Kh4 Nf3+ 41. Kg3 Kg5 42. a4 a5 43. Bf7 f4+ 44. Kf2 Ne5 0-1

[Event "Reykjavik op"]
[Site "Reykjavik"]
[Date "2009.03.30"]
[Round "7"]
[White "Tratatovici, Dan"]
[Black "Edvardsson, Kristjan"]
[Result "0-1"]
[WhiteElo "2122"]
[BlackElo "2253"]
[PlyCount "70"]
[EventDate "2009.03.24"]
[EventType "swiss"]
[EventRounds "9"]
[EventCountry "ISL"]
[SourceTitle "CBM 129 Extra"]
[Source "ChessBase"]
[SourceDate "2009.05.05"]
[SourceVersion "2"]
[SourceVersionDate "2009.05.20"]
[SourceQuality "1"]

1. e4 e5 2. Nf3 Nc6 3. Bb5 f5 4. d4 fxe4 5. Bxc6 dxc6 6. Nxe5 Nf6 7. Bg5 Be7 8. c3 0-0 9. Nd2 Qe8 10. Qb3+ Kh8 11. 0-0-0 a5 12. Rde1 a4 13. Qc4 Bf5 14. f3 Bd6 15. Nxe4 Nxe4 16. fxe4 Be6 17. d5 Bg8 18. Nf3 Qg6 19. h4 cxd5 20. exd5 h6 21. Qe4 Qxe4 22. Rxe4 Bxd5 23. Rd4 Bxf3 24. gxf3 hxg5 25. hxg5+ Kg8 26. g6 Rf6 27. Rdh4 Bf4+ 28. Kc2 Bh6 29. Rd1 Rxg6 30. Rb4 b6 31. Rc4 Rg2+ 32. Kb1 a3 33. bxa3 Rxa3 34. f4 Raxa2 35. Rf1 c5 0-1